Два фасада дома для дворянского собрания в Новгороде с приложением письма автора проекта Степанова Александру Илларионовичу Васи...

Доступно только в Электронных читальных залах Найти на картеНа карте
RUSMARC
00003537nmc2a2200000 x 450
001ae28a1a0-7dc7-4a1b-bc69-f54cc7453c96
00520151218201127.0
100##$a20150914l18491849k l0rusy0189 ca
1010#$arus
102##$aRU
2001#$aДва фасада дома для дворянского собрания в Новгороде с приложением письма автора проекта Степанова Александру Илларионовичу Васильчикову
$j28 марта 1849 г.
251##$cДело
300##$aАкварель
801#0$aRU
$bРГИА
$c20150914
$gRCR
801#1$aRU
$bГлавНИВЦ
$c20150914
$2rusmarc
801#2$aRU
$bПБ им. Б.Н. Ельцина
$c20151218
$gRCR
$2rusmarc
850##$aРГИА
852##$aРГИА
$eФедеральное казенное учреждение "Российский государственный исторический архив" (РГИА)
$j1478
937##$hРГИА
$d12148456
$aASBIBLIO_SCAN
462#0$1001822e29f6-cf5c-4253-b938-c1de610979e5
$12001
$aАрхив князей Васильчиковых. 1706-1917 гг.
$1251
$cОпись
$1852
$j1
461#0$1001f72a1ecb-9a9a-44e3-87ff-4a647e6521fe
$12001
$aВасильчиковы, князья
$1251
$cФонд
$1852
$j651
215##$a4 л.
$cил.
$d36,5х26 см
371##$aДокумент не является опубликованным и широко распространяемым
105##$aa###
1220#$ad
035##$aae28a1a0-7dc7-4a1b-bc69-f54cc7453c96
Формат отображения